000
00275nam a22001217a 4500
008
180803b xxu||||| |||| 00| 0 eng d
082
_a
813.52
245
_a
On the Road
_c
Jack,K
260
_c
1955-1957
300
_a
8
_f
Cassette
440
_x
9780736646093
942
_2
ddc
_c
MX
999
_c
46760
_d
46760